000 00358nam a2200133Ia 4500
005 20260326235449.0
008 260326s9999||||xx |||||||||||||| ||und||
100 _aFlores Marini, Carlos
245 0 _aTianguistenco /
_cCarlos Flores Marini
260 _bInstituto Nacional de Antropología
300 _a90 p.
650 _aARQUITECTURA REGIONAL
942 _cBK
999 _c7684
_d7684